000
00327nam a2200133Ia 4500
008
231129s1996||||xx |||||||||||||| ||spa||
040
_b
spa
082
_a
Ch862.44 P258a
100
_a
Parra Marco Antonio de la
245
0
_a
El angel de la culpa y otros textos
260
_c
1996
264
_a
Colcultura
942
_2
ddc
_c
BKS
999
_c
10194
_d
10194